000 00749nam a2200253 a 4500
001 BRCA_5326
005 20190320205032.0
008 031210s1917----gw-a######---#000-0#ger-#
041 _ager
044 _agw
050 4 _aND553
_b.L38 1917
245 1 0 _aLa Tour Maurice Quentin de
_bDer Pastellmaler Ludwigs XV
260 _aMúnich, Alemania
_bR. Piper
_c1917
300 _a24 p.
_bil.
_c22 cm.
440 0 _aFranzösische kunst
_v1
_913661
500 _aIncluye índice de ilustraciones
500 _aContiene la biografía de Hermann Erdhard
500 _aE95
600 1 4 _aQuentin, Maurice
_d1704-1788
_913662
650 1 4 _aPintura al pastel
_zFrancia
_913663
710 2 _aMusee Lecaye (Francia)
_913664
902 _aGFM
942 _2lcc
_cB
999 _c5020
_d5020